Strategic Playbooks of Influence A Comparative Study of Tourism and Economic Soft Power in London 2012 and Paris 2024 Olympic Games

Bibliográfiai részletek
Szerző: Bercsek Júlianna
További közreműködők: Andrási Dr. Gábor
Pétervári Kinga
Dokumentumtípus: Diplomadolgozat
Kulcsszavak:Business Investments
nation branding
Olympic Games
soft power
Tourism Strategies
Online Access:http://dolgozattar.uni-bge.hu/58138

MARC

LEADER 00000nta a2200000 i 4500
001 dolg58138
005 20250923125638.0
008 250923suuuu hu om 000 eng d
040 |a BGE Dolgozattár Repozitórium  |b hun 
041 |a en 
100 1 |a Bercsek Júlianna 
245 1 0 |a Strategic Playbooks of Influence  |b A Comparative Study of Tourism and Economic Soft Power in London 2012 and Paris 2024 Olympic Games  |c Bercsek Júlianna  |h [elektronikus dokumentum] 
520 3 |a This thesis examines how the London 2012 and Paris 2024 Olympic Games strategically utilise tourism and business investment strategies as instruments of soft power to enhance their nations’ global attractiveness and geopolitical influence. The study analyzes how both host cities aligned their Olympic strategies with broader national narratives. Through a comparative approach, the research examines quantitative data (tourism receipts, FDI trends) with qualitative analysis (policy documents, expert interviews) to assess how these strategies translated into measurable soft power gains and long-term legacies. 
695 |a Business Investments 
695 |a nation branding 
695 |a Olympic Games 
695 |a soft power 
695 |a Tourism Strategies 
700 1 |a Andrási Dr. Gábor  |e ths 
700 1 |a Pétervári Kinga  |e ths 
856 4 0 |u http://dolgozattar.uni-bge.hu/58138/1/Julianna%20Bercsek_Master%20thesis%202025.pdf  |z Dokumentum-elérés 
856 4 0 |u http://dolgozattar.uni-bge.hu/58138/2/MAThesisAssessment-JBercsek-GAndrasi2025.pdf  |z Dokumentum-elérés 
856 4 0 |u http://dolgozattar.uni-bge.hu/58138/3/Pe%CC%81terva%CC%81ri%20Bercsek%20review.pdf  |z Dokumentum-elérés